|
|
|
|
| LEADER |
01394nam a2200409Ia 4500 |
| 001 |
EBC254792 |
| 003 |
MiAaPQ |
| 005 |
20200520144314.0 |
| 006 |
m o d | |
| 007 |
cr cn||||||||| |
| 008 |
040602s2005 enk sb 001 0 eng d |
| 010 |
|
|
|z 2004108291
|
| 015 |
|
|
|a GBA475397
|2 bnb
|
| 020 |
|
|
|z 9781412932660
|
| 020 |
|
|
|z 0761972005 (cased)
|
| 020 |
|
|
|z 0761972013 (pbk.)
|
| 035 |
|
|
|a (MiAaPQ)EBC254792
|
| 035 |
|
|
|a (Au-PeEL)EBL254792
|
| 035 |
|
|
|a (CaPaEBR)ebr10080979
|
| 035 |
|
|
|a (CaONFJC)MIL37068
|
| 035 |
|
|
|a (OCoLC)84375264
|
| 040 |
|
|
|a MiAaPQ
|c MiAaPQ
|d MiAaPQ
|
| 050 |
|
4 |
|a HE7651
|b .K78 2005
|
| 082 |
0 |
4 |
|a 302.23
|2 22
|
| 100 |
1 |
|
|a Krug, Gary.
|
| 245 |
1 |
0 |
|a Communication, technology and cultural change
|h [electronic resource] /
|c Gary Krug.
|
| 260 |
|
|
|a London :
|b SAGE,
|c 2005.
|
| 300 |
|
|
|a xv, 241 p.
|
| 504 |
|
|
|a Includes bibliographical references and index.
|
| 533 |
|
|
|a Electronic reproduction. Ann Arbor, MI : ProQuest, 2015. Available via World Wide Web. Access may be limited to ProQuest affiliated libraries.
|
| 650 |
|
0 |
|a Communication and culture.
|
| 650 |
|
0 |
|a Social change.
|
| 650 |
|
0 |
|a Telecommunication
|x History.
|
| 650 |
|
0 |
|a Telecommunication
|x Social aspects.
|
| 655 |
|
4 |
|a Electronic books.
|
| 710 |
2 |
|
|a ProQuest (Firm)
|
| 856 |
4 |
0 |
|u https://ebookcentral.proquest.com/lib/matrademy/detail.action?docID=254792
|z Click to View
|